000 00641nam a22001697a 4500
003 IT-RoPau
005 20220918181218.0
008 131105b xxu||||| |||| 00| 0 eng d
040 _cIT-RoPau
100 _aAlberione, Giacomo
_915
245 _aPrediche del Primo Maestro per un ritiro mensile
_b15 Agosto 1960
260 _aRoma
_bFSP
_c1960
300 _a32 pp.
_c16 cm
500 _aPro manuscripto
520 _aIndice Prediche del Primo Maestro per un ritiro mensile I - Siamo usciti dalle mani creatrici di Dio II - Abbiamo una missione da compiere in questa vita III - Renderemo conto della nostra vocazione
942 _2ddc
_cMX
999 _c104145
_d104145